| 000 | 00387nam a2200157Ia 4500 | ||
|---|---|---|---|
| 008 | 230917s9999||||xx |||||||||||||| ||und|| | ||
| 040 |
_e196807 _aMAIN |
||
| 041 | _aEnglish | ||
| 082 | _a391 D184M(2) | ||
| 100 | _aDamhorst, Mary Lynn | ||
| 245 | 0 | _aMeaning of dress | |
| 250 | _a2nd ed. | ||
| 260 |
_aNew York _bFairchild Publications _c2005 |
||
| 300 | _axvi, 559 p. | ||
| 942 | _cBK | ||
| 999 |
_c164748 _d164748 |
||